Govt. of
Madhya Pradesh

India And World Geography (Record no. 66205)

MARC details
000 -LEADER
fixed length control field 00267nam a22001097a 4500
082 ## - DEWEY DECIMAL CLASSIFICATION NUMBER
Classification number 910/HUS
100 ## - MAIN ENTRY--AUTHOR NAME
Personal name Husain,Majid
245 ## - TITLE STATEMENT
Title India And World Geography
260 ## - PUBLICATION, DISTRIBUTION, ETC. (IMPRINT)
Place of publication Chennai
Name of publisher McGraw Hill Education India pvt.
Year of publication 2022
650 ## - SUBJECT ADDED ENTRY--TOPICAL TERM
Topical Term Geography
942 ## - ADDED ENTRY ELEMENTS (KOHA)
Koha item type Books

No items available.